• 首页
  • 本馆介绍
  • 公告通知
  • 最新文献
  • 馆藏检索
  • 电子资源
  • 读者导购
  • 参考咨询
  • 我的图书馆
  • 登录
  • 详细信息显示
  • 放入我的书架
  • 预约/预借图书
  • 作者相关作品
  • 分类相关作品
  • 丛书相关作品
  • 出版社相关作品

书目信息

  • 表格格式
  • 工作单格式
  • 卡片格式
题名:
半导体物理学
    
 
作者: А·ф·约飞 著 ;汤定元 译
分册:  
出版信息: 北京   科学出版社  1956.06
页数:
开本:
丛书名:
单 册:
中图分类: O47
科图分类:
主题词: 半导体物理学
电子资源:
ISBN:
000 00656nam0 2200217 450
001 0654859452
005 20060819151758.26
010    @dCNY3.30
100    @a20060819d1956 km y0chiy0120 ea
101 0  @achi
102    @aCN@b110000
200 1  @a半导体物理学@Aban dao ti wu li xue@fА·ф·约飞著@FА·ф·yue fei zhu@g汤定元等译@Gtang ding yuan deng yi
205    @a第2版
210    @a北京@c科学出版社@d1956.06
300    @a"近代物理学中的半导体"的修订和补充版
606 0  @a半导体物理学
690    @aO47@v3
701  0 @aА·ф·约飞@AА·ф·yue fei@4著
702  0 @a汤定元@Atang ding yuan@4译
801  0 @aCN@bPFT@c20060819
905    @a10447@dO47@e16=2
    
    半导体物理学/А·ф·约飞著/汤定元等译.-第2版.-北京:科学出版社,1956.06
    
    "近代物理学中的半导体"的修订和补充版
    
    ISBN :CNY3.30
    
●
相关链接 在E读中查询图书 在五车中查询图书 在当当中查询图书 在豆瓣中查询图书


正题名:半导体物理学     索取号:O47/16=2         预约/预借

序号 登录号 条形码 馆藏地/架位号 状态 备注
1 0468903   204689033   密集书库/ [索取号:O47/16=2] 在馆    
唐山师范学院图书馆 欢迎您!
大连网信软件有限公司© 版权所有